000 00330nam a22001337a 4500
020 _a9780070383740
082 _222
_a621.136
100 _aCambhir, M.L.
245 _aConcrete technology /
250 _a3 rd.
260 _aNew Delhi,
_bLaxmi Publication,
_cc2008.
300 _axvvi,658 p. ;
_bill. ;
_c24 cm.
942 _2ddc
_cCIVIL
_02
999 _c574
_d574